000 00382nam a2200145Ia 4500
008 150301s2007 xx 000 0 und d
082 _a617.525
_bO2007K
100 _aKAPOOR ,VINOD
245 _aTEXT BOOK OF ORAL & MAXILLOFACIAL SURGERY
250 _a2ND
260 _bARYA (MEDI)PUBLISHING HOUSE
_aNEW DELHI
_c2007
300 _a1-684
650 _aORAL SURGERY
942 _2ddc
_cBK
999 _c6894
_d6894